000 00282nam a22001337a 4500
008 171013b xxu||||| |||| 00| 0 eng d
020 _a155871208
041 _aeng
080 _a316
100 _a50
101 _aSOC
245 _aDIRECT TO THE POOR
_cANNIS,SH
942 _2udc
_cBK
999 _c33639
_d33639